000 00788cam a2200265Ma 4500
001 49832
005 20230410132942.0
008 010103s1957 ag b 000 0 spa d
035 _a(OCoLC)ocm55452379
040 _aDIBAM
_bspa
_cDIBAM
035 _a(OCoLC)55452379
049 _aGRAL
050 1 4 _aB 3105
_bS373a 1957
100 1 _aSchopenhauer, Arthur,
_d1788-1860.
245 1 3 _aEl arte de bien vivir /
_cArturo Schopenhauer.
_btr. E. Gonzales Blanco.
260 _aBuenos Aires :
_bEditorial Central,
_c1957.
300 _a210 p. ;
_c23 cm.
490 0 _aLos grandes pensadores
504 _aIncluye notas bibliográficas.
650 0 _aPhilosophy, German
_y19th century.
650 0 _aPhilosophers
_zGermany.
942 _2lcc
_cbk
946 _amfcruz
994 _aC0
_bDRFGD
999 _c90764
_d90764